Central Library OPAC University of Rajshahi
Normal view MARC view

Entry Topical Term

Number of records used in: 5

001 - CONTROL NUMBER

  • control field: 8518

003 - CONTROL NUMBER IDENTIFIER

  • control field: BD-RjUL

005 - DATE AND TIME OF LATEST TRANSACTION

  • control field: 20230824101642.0

008 - FIXED-LENGTH DATA ELEMENTS

  • fixed length control field: 230824|| aca||aabn | a|a d

040 ## - CATALOGING SOURCE

  • Original cataloging agency: BD-RjUL
  • Transcribing agency: BD-RjUL

150 ## - HEADING--TOPICAL TERM

  • Topical term or geographic name entry element: দর্শনচর্চার
  • Form subdivision: সমকালীন

670 ## - SOURCE DATA FOUND

  • Source citation: Work cat.: (BD-RjUL)81758: ইসলাম, মো. রফিকুল 8516, বাংলাদেশে দর্শনচর্চার গতিপ্রকৃতি ও সমকালীন চিন্তন বিশ্লেষণ /, ২০০২